| 000 | 00644nam a2200241Ia 4500 | ||
|---|---|---|---|
| 003 | OSt | ||
| 005 | 20221007111724.0 | ||
| 006 | a|||||r|||| 00| 0 | ||
| 007 | ta | ||
| 008 | 221006b |||||||| |||| 00| 0 eng d | ||
| 024 | _a24,185 | ||
| 037 | _cTextual | ||
| 040 |
_aLCO _cLCO _beng |
||
| 041 |
_2eng _aeng |
||
| 082 | _aX:5:(Z1), L3 | ||
| 100 |
_aKhan Rahmatullah Ed. _9708459 |
||
| 245 | 0 | _aLaw of International Trade Transactions | |
| 260 |
_aBombay _bN.M. Tripathi Pvt. Ltd. India _c1973 |
||
| 300 | _a211 | ||
| 650 | _aTRADE | ||
| 942 |
_hX:5:(Z1), L3 _cTEXL |
||
| 999 |
_c1193748 _d1193748 |
||